000 00818nam a2200253 a 4500
001 000017134
003 DO-SdBNP
005 20240520101653.0
008 100318t2010 dr r 000 p spa d
020 _a9789945404241
040 _aDO-SdBNP
_bspa
_cBPMSU
082 4 _aRD861.44
_bM843v 2010
_222
100 1 _aJiménez Grullón, Juan Isidro,
_d1903-1983
245 1 0 _aVida y poesía /
_cJuan Isidro Moreno Espinal.
260 _aSanto Domingo :
_bSecretaría de Estado de Cultura,
_c2010.
300 _a372 p. ;
_c23 cm.
500 _aIncluye datos biográficos del autor en la solapa de la cubierta.
590 _aInventariado, 2024/VM
650 4 _aPoesía dominicana
650 4 _aLiteratura dominicana.
650 z _aDominican literature
910 _aVMateo V. Control de calidad. BPMSU
942 _2ddc
_cBK
999 _c14645
_d14645